Loading...
| Science - Chemistry | 0 | 3 | 0 | 0 | 30 | 78 | 102.00 | 0 | 1 | 4.56 | 12.25 |
| Science - Biology | 0 | 3 | 0 | 1 | 30 | 99 | 110.00 | 0 | 0 | 2.07 | 12.25 |
| Religion | 0 | 2 | 0 | 1 | 20 | 110 | 112.50 | 0 | 0 | 1.29 | 6.00 |
| Fine Arts - Classical Music | 0 | 2 | 0 | 0 | 20 | 51 | 66.00 | 0 | 1 | 10.05 | 15.00 |
| Science - Other | 0 | 3 | 2 | 0 | 20 | 89 | 107.33 | 0 | 0 | 3.47 | 10.00 |
| Literature - American | 0 | 1 | 0 | 0 | 10 | 107 | 107.00 | 0 | 0 | 2.39 | 10.00 |
| Literature - British | 0 | 1 | 0 | 0 | 10 | 90 | 90.00 | 0 | 0 | 3.88 | 6.00 |
| Fine Arts - Other | 0 | 1 | 0 | 0 | 10 | 118 | 118.00 | 0 | 0 | 1.19 | 4.00 |
| Mythology | 0 | 1 | 0 | 0 | 10 | 105 | 105.00 | 0 | 1 | 2.39 | 6.00 |
| Geography/Current Events | 0 | 1 | 0 | 0 | 10 | 81 | 81.00 | 0 | 0 | 5.95 | 10.00 |
| Fine Arts - Visual | 0 | 1 | 0 | 0 | 10 | 123 | 123.00 | 0 | 0 | 0.89 | 4.00 |
| Science - Physics | 0 | 1 | 1 | 0 | 5 | 62 | 62.00 | 0 | 0 | 4.66 | 7.00 |
| Other Academic | 0 | 0 | 0 | 0 | 0 | 0.00 | 0 | 0 | 0.00 | 0.00 | |
| Literature - European | 0 | 0 | 0 | 0 | 0 | 0.00 | 0 | 0 | 0.00 | 0.00 | |
| History - Other | 0 | 0 | 1 | 0 | -5 | 0.00 | 0 | 0 | 0.00 | 0.00 |